| 000 | 01320nam a2200337.c 4500 | ||
|---|---|---|---|
| 001 | 52108 | ||
| 003 | ES-MaCES | ||
| 005 | 20250203133759.0 | ||
| 008 | 220207s2021 sp ||||| |||||||||||spa|d | ||
| 017 |
_aM 33118-2021 _bDL |
||
| 020 | _a9788472963887 | ||
| 040 |
_aES-MaCES _cES-MaCES _bspa |
||
| 100 | 1 |
_99200 _aCasas Baamonde, María Emilia |
|
| 245 | 1 | 3 |
_aEl Derecho del trabajo en la emergencia de la pandemia de la COVID-19 _b: ¿y después? _cdiscurso de recepción de la Académica de Número María Emilia Casas Baamonde [y contestación por (...) Fernando Suárez González] |
| 260 |
_aMadrid _bReal Academia de Ciencias Morales y Políticas (Madrid) _c2021 |
||
| 300 |
_a299 p. _b2 cm |
||
| 500 | _aEn la port.: Sesión del día 30 de nov. de 2021 | ||
| 650 | 4 |
_939751 _aCovid-19 |
|
| 650 | 4 |
_930732 _aevaluación del impacto |
|
| 650 | 4 |
_927165 _aderecho del trabajo |
|
| 650 | 4 |
_927166 _alegislación del trabajo |
|
| 650 | 4 |
_929892 _areforma legislativa |
|
| 650 | 4 |
_926964 _aEspaña |
|
| 650 | 4 |
_929866 _aderecho comunitario |
|
| 650 | 4 |
_926752 _aUE |
|
| 653 | 1 | 0 | _aDerecho del trabajo y Seguridad Social |
| 700 | 1 |
_924532 _aSuárez González, Fernando |
|
| 710 | 2 |
_940172 _aReal Academia de Ciencias Morales y Políticas (Madrid) _eed. |
|
| 902 | _aLIB Libro | ||
| 942 |
_2CES _cBK _h6.0.1. |
||
| 999 |
_c52108 _d52108 |
||